Loading...
| Fine Arts - Classical Music | 0 | 6 | 1 | 0 | 55 | 33 | 78.50 | 3 | 3 | 21.88 | 42.33 |
| Science - Other | 0 | 5 | 1 | 1 | 45 | 45 | 81.80 | 1 | 2 | 16.40 | 26.11 |
| Science - Chemistry | 0 | 2 | 0 | 1 | 20 | 47 | 82.00 | 0 | 1 | 5.35 | 10.28 |
| Fine Arts - Painting and Sculpture | 0 | 2 | 1 | 1 | 15 | 72 | 97.00 | 0 | 1 | 3.95 | 10.17 |
| Philosophy | 0 | 1 | 0 | 0 | 10 | 72 | 72.00 | 0 | 1 | 3.45 | 8.00 |
| Popular Culture | 0 | 1 | 0 | 0 | 10 | 118 | 118.00 | 0 | 0 | 3.54 | 11.11 |
| Social Science | 0 | 1 | 0 | 0 | 10 | 52 | 52.00 | 0 | 1 | 5.09 | 8.33 |
| Geography | 0 | 1 | 0 | 0 | 10 | 90 | 90.00 | 0 | 0 | 15.12 | 20.00 |
| Literature - British | 0 | 1 | 0 | 0 | 10 | 105 | 105.00 | 0 | 0 | 2.16 | 4.44 |
| Literature - World | 0 | 1 | 0 | 0 | 10 | 98 | 98.00 | 0 | 0 | 2.10 | 7.50 |
| Science - Physics | 0 | 1 | 1 | 0 | 5 | 98 | 98.00 | 0 | 0 | 2.03 | 5.00 |
| Fine Arts - Other | 0 | 1 | 1 | 0 | 5 | 75 | 75.00 | 0 | 1 | 3.64 | 9.17 |